[Event "DEM U10/U10w 2013"]
[Site "Oberhof GER"]
[Date "2013.05.22"]
[Round "7"]
[White "Kurzweil, Naemi"]
[Black "Wu, Leon"]
[Result "0-1"]
[Termination "normal"]
[Board "24"]
[WhiteElo "980"]
[BlackElo "1345"]
[PlyCount "92"]
[WhiteFideId "12985708"]
[BlackFideId "12977438"]
[EventCountry "GER"]
[EventRounds "11"]
[EventType "swiss"]
[EventDate "2013.05.18"]

1. e4 e5 2. Nf3 Nc6 3. Bc4 Bc5 4. d3 h6 5. Qe2 d6 6. Be3 Bb6 7. Nc3 Nf6 8. O-O
O-O 9. Nh4 Nxe4 10. Ng6 Nxc3 11. bxc3 Re8 12. Qf3 Be6 13. Nh4 Bxc4 14. Qg3 Bxe3
15. fxe3 Be6 16. Nf5 Qg5 17. Qf3 Bxf5 18. Qxf5 Qxf5 19. Rxf5 e4 20. d4 g6 21.
Rf4 Re6 22. d5 Re5 23. dxc6 bxc6 24. Raf1 Re7 25. Rf6 Rb8 26. R6f4 Rb2 27. Rc1
Rxa2 28. Rb1 Rxc2 29. Rb8+ Kg7 30. Rb7 a5 31. Ra7 Rxc3 32. Rxa5 Rxe3 33. Ra4 c5
34. Kf2 Rd3 35. Raxe4 Rxe4 36. Rxe4 Rd2+ 37. Kg3 Kf6 38. Kh3 d5 39. Rf4+ Ke6
40. g3 c4 41. Rf3 d4 42. Rf1 c3 43. Re1+ Kd6 44. Rc1 c2 45. Kh4 f5 46. Ra1
Rxh2# 0-1

[Event "DEM U10/U10w 2013"]
[Site "Oberhof GER"]
[Date "2013.05.22"]
[Round "7"]
[White "Henning, Marvin"]
[Black "Bosselmann, Tom Linus"]
[Result "1-0"]
[Termination "normal"]
[Board "25"]
[WhiteElo "1342"]
[BlackElo "1180"]
[PlyCount "105"]
[WhiteFideId "12957399"]
[BlackFideId "12983845"]
[EventCountry "GER"]
[EventRounds "11"]
[EventType "swiss"]
[EventDate "2013.05.18"]

1. e4 c5 2. Nc3 e6 3. f4 a6 4. g3 Nc6 5. Nf3 d5 6. Bg2 g6 7. O-O Bg7 8. d3 Nge7
9. Re1 O-O 10. Bd2 Bd7 11. a3 Re8 12. e5 Qc7 13. Qe2 b5 14. Qf2 c4 15. dxc4
bxc4 16. Be3 Rab8 17. Rab1 Nf5 18. Bc5 Bf8 19. Bxf8 Rxf8 20. g4 Nfe7 21. Qh4
Qb6+ 22. Kh1 Rfc8 23. Qh6 Be8 24. Ng5 Nd4 25. Qxh7+ Kf8 26. Qh8+ Ng8 27. Nh7+
Ke7 28. Qxg8 Nxc2 29. Re2 Nxa3 30. bxa3 Qd4 31. Rc1 Rb3 32. Qf8+ Kd8 33. Qd6+
Bd7 34. Nf6 Rb7 35. Nxd7 Rxd7 36. Qxa6 Qxf4 37. Rf1 Qd4 38. Nb5 Qd3 39. Ref2 c3
40. Qb6+ Ke8 41. Nd6+ Kf8 42. Nxc8 c2 43. Qb4+ Kg8 44. Nd6 Qe3 45. Qb8+ Kg7 46.
Qb2 d4 47. Qxc2 Qxe5 48. Rxf7+ Rxf7 49. Rxf7+ Kh6 50. Ne4 Qb5 51. g5+ Kh5 52.
Bf3+ Kh4 53. Rh7# 1-0

[Event "DEM U10/U10w 2013"]
[Site "Oberhof GER"]
[Date "2013.05.22"]
[Round "7"]
[White "Schumacher, Simon"]
[Black "Bierfreund, Trine Maja"]
[Result "0-1"]
[Termination "normal"]
[Board "26"]
[WhiteElo "1156"]
[BlackElo "1341"]
[PlyCount "80"]
[BlackFideId "12957372"]
[EventCountry "GER"]
[EventRounds "11"]
[EventType "swiss"]
[EventDate "2013.05.18"]

1. d4 d5 2. Bf4 Nf6 3. Nf3 e6 4. e3 Bd6 5. Bg3 O-O 6. Bd3 c5 7. c3 Nc6 8. Nbd2
Re8 9. Qc2 e5 10. dxe5 Bxe5 11. Bxe5 Nxe5 12. Nxe5 Rxe5 13. Nf3 Re8 14. Bb5 Re7
15. O-O-O a6 16. Be2 Bd7 17. c4 Bc6 18. Rd2 Qa5 19. Kb1 Ne4 20. Bd3 Nxd2+ 21.
Nxd2 b5 22. cxb5 axb5 23. a3 b4 24. Nb3 Qa7 25. axb4 c4 26. Bxh7+ Kh8 27. Na5
Bd7 28. Bf5 Bxf5 29. Qxf5 Rc7 30. Qxd5 Rac8 31. Rc1 Rd7 32. Qh5+ Kg8 33. g4 Qb6
34. Qf5 Rdc7 35. h4 Qxb4 36. Rc3 Rc5 37. Qc2 Qxa5 38. f4 Ra8 39. Kc1 Rd5 40.
Ra3 Qe1+ 0-1

[Event "DEM U10/U10w 2013"]
[Site "Oberhof GER"]
[Date "2013.05.22"]
[Round "7"]
[White "Post, Hugo"]
[Black "Hinrichs, Paul"]
[Result "1-0"]
[Termination "normal"]
[Board "27"]
[WhiteElo "1341"]
[BlackElo "1177"]
[PlyCount "53"]
[WhiteFideId "12962490"]
[BlackFideId "12942545"]
[EventCountry "GER"]
[EventRounds "11"]
[EventType "swiss"]
[EventDate "2013.05.18"]

1. e4 d6 2. d4 Nf6 3. Nc3 g6 4. Be3 Bg7 5. Bc4 O-O 6. Nge2 e6 7. Bd3 b6 8. O-O
c5 9. dxc5 dxc5 10. Qd2 Ng4 11. Kh1 Nxe3 12. Qxe3 Nc6 13. f4 Nd4 14. Qc1 Bb7
15. Nxd4 Bxd4 16. f5 exf5 17. exf5 Bxc3 18. bxc3 Qd5 19. Qg5 Qd6 20. f6 Qd5 21.
Qg3 Rae8 22. Rf5 Qc6 23. Rf3 Re6 24. Qg5 Rfe8 25. Raf1 Re1 26. Qh6 Rxf1+ 27.
Bxf1 1-0

[Event "DEM U10/U10w 2013"]
[Site "Oberhof GER"]
[Date "2013.05.22"]
[Round "7"]
[White "Brückner, Alexander"]
[Black "Schnabel, Luise"]
[Result "1-0"]
[Termination "normal"]
[Board "28"]
[WhiteElo "1334"]
[BlackElo "1417"]
[PlyCount "73"]
[WhiteFideId "12952613"]
[BlackFideId "12943347"]
[EventCountry "GER"]
[EventRounds "11"]
[EventType "swiss"]
[EventDate "2013.05.18"]

1. e4 e5 2. Nf3 Nc6 3. Bc4 Nf6 4. d3 Bc5 5. c3 d5 6. exd5 Nxd5 7. h3 a6 8. Bb3
Nb6 9. Bc2 O-O 10. O-O Bf5 11. Qe2 Re8 12. Nbd2 Nc8 13. Re1 Qd6 14. Nf1 b5 15.
d4 Qg6 16. Bxf5 Qxf5 17. dxc5 e4 18. Ng3 Qe6 19. Ng5 Qe7 20. N5xe4 Rb8 21. Qg4
g6 22. Nf5 Qe6 23. Nh6+ Kg7 24. Qxe6 Rxe6 25. Bd2 f5 26. Ng3 Rxe1+ 27. Rxe1
N8e7 28. Re6 Rf8 29. Bg5 f4 30. Ne4 Re8 31. Ng4 Kf7 32. Rf6+ Kg8 33. Rxf4 Nd5
34. Nef6+ Kh8 35. Nxd5 Ne5 36. Nh6 Nd3 37. Bf6# 1-0

[Event "DEM U10/U10w 2013"]
[Site "Oberhof GER"]
[Date "2013.05.22"]
[Round "7"]
[White "Pantsernaya, Sofya"]
[Black "Grabbel, Lennart Christian"]
[Result "0-1"]
[Termination "normal"]
[Board "29"]
[WhiteElo "1253"]
[BlackElo "893"]
[PlyCount "100"]
[WhiteFideId "12993182"]
[BlackFideId "16201620"]
[EventCountry "GER"]
[EventRounds "11"]
[EventType "swiss"]
[EventDate "2013.05.18"]

1. e4 e5 2. Nf3 Nc6 3. Bc4 Bc5 4. c3 Nf6 5. d4 exd4 6. cxd4 Bb4+ 7. Nc3 Nxe4 8.
O-O Bxc3 9. d5 Bf6 10. Re1 Ne7 11. Rxe4 d6 12. g4 O-O 13. h4 Re8 14. Qe2 Bd7
15. Bd2 c6 16. g5 cxd5 17. gxf6 dxe4 18. fxe7 Rxe7 19. Nh2 Bc6 20. Bg5 d5 21.
Bxe7 Qxe7 22. Bb3 Qxh4 23. Qg4 Qxg4+ 24. Nxg4 f6 25. Kh2 Kf8 26. Kg3 h5 27. Nh2
g5 28. f4 Re8 29. fxg5 fxg5 30. Rf1+ Kg7 31. Rd1 e3 32. Re1 d4 33. Bd1 d3 34.
Bxh5 d2 35. Rd1 e2 36. Bxe2 Rxe2 37. Nf3 Bxf3 38. Kxf3 Rh2 39. Ke3 Kg6 40. Rxd2
Rxd2 41. Kxd2 Kf5 42. Ke1 Kg4 43. Kf1 Kf3 44. Kg1 Kg3 45. Kh1 Kf2 46. b4 g4 47.
b5 g3 48. b6 g2+ 49. Kh2 g1=Q+ 50. Kh3 Qg3# 0-1

[Event "DEM U10/U10w 2013"]
[Site "Oberhof GER"]
[Date "2013.05.22"]
[Round "7"]
[White "Bünte, Kirsten"]
[Black "Wachinger, Nikolas"]
[Result "1-0"]
[Termination "normal"]
[Board "30"]
[WhiteElo "1182"]
[BlackElo "1007"]
[PlyCount "63"]
[WhiteFideId "16200535"]
[BlackFideId "12962791"]
[EventCountry "GER"]
[EventRounds "11"]
[EventType "swiss"]
[EventDate "2013.05.18"]

1. e4 c5 2. c3 Nc6 3. d4 cxd4 4. cxd4 d6 5. Nf3 Nf6 6. Nc3 Bg4 7. Be3 e6 8. Bd3
Be7 9. O-O d5 10. exd5 exd5 11. Re1 O-O 12. Bb5 Rb8 13. Rc1 a6 14. Bxc6 bxc6
15. b3 Bb4 16. Bg5 h6 17. Bxf6 Qxf6 18. Re3 Rfe8 19. Qd3 Qf4 20. Ne5 f6 21.
Nxc6 Bxc3 22. Nxb8 Bxd4 23. Rxe8+ Kf7 24. Rc2 Kxe8 25. Qg3 Qe4 26. Rc1 Bb2 27.
Rf1 Be2 28. Re1 Qd4 29. Qg6+ Kf8 30. Nd7+ Kg8 31. Qe8+ Kh7 32. Nf8+ 1-0

[Event "DEM U10/U10w 2013"]
[Site "Oberhof GER"]
[Date "2013.05.22"]
[Round "7"]
[White "Ruppert, Paula"]
[Black "Schmidtmann, Samantha"]
[Result "0-1"]
[Termination "normal"]
[Board "31"]
[WhiteElo "989"]
[BlackElo "1171"]
[PlyCount "110"]
[WhiteFideId "12979996"]
[BlackFideId "12956759"]
[EventCountry "GER"]
[EventRounds "11"]
[EventType "swiss"]
[EventDate "2013.05.18"]

1. e4 c5 2. Nc3 d6 3. Nf3 Nf6 4. d4 cxd4 5. Nxd4 a6 6. Be3 e5 7. Nb3 Be6 8. Nd5
Nxe4 9. f3 Nf6 10. Nb6 Ra7 11. Qd2 Be7 12. O-O-O Nc6 13. Nc4 Bxc4 14. Bxc4 Ra8
15. Bg5 d5 16. Bxf6 Bxf6 17. Qxd5 Qxd5 18. Rxd5 O-O 19. Nc5 Bg5+ 20. Kd1 b5 21.
Bd3 Nb4 22. Rxe5 f6 23. Re6 Nxd3 24. cxd3 Rfc8 25. d4 Ra7 26. Rhe1 Kf7 27. Nxa6
Rc1+ 28. Ke2 Rxe1+ 29. Kxe1 Kxe6 30. Nc5+ Kd5 31. Nb3 Rxa2 32. g3 Rxb2 33. Nc5
Rxh2 34. f4 Bh6 35. Nb3 g6 36. Nd2 Rxd2 37. Kxd2 Kxd4 38. Kc2 b4 39. Kb3 Bxf4
40. gxf4 h5 41. Kxb4 h4 42. Kb5 Ke4 43. f5 Kxf5 44. Kc4 h3 45. Kd3 h2 46. Kc4
h1=Q 47. Kd4 Qe4+ 48. Kc3 Qd5 49. Kc2 Qf3 50. Kd2 Ke4 51. Kc2 Qd3+ 52. Kb2 Kd4
53. Ka2 Qb5 54. Ka1 Kc3 55. Ka2 Qb2# 0-1

[Event "DEM U10/U10w 2013"]
[Site "Oberhof GER"]
[Date "2013.05.22"]
[Round "7"]
[White "Astner, Sebastian"]
[Black "Wurst, Benedikt"]
[Result "1-0"]
[Termination "normal"]
[Board "32"]
[WhiteElo "886"]
[BlackElo "1139"]
[PlyCount "75"]
[WhiteFideId "12979422"]
[BlackFideId "12991791"]
[EventCountry "GER"]
[EventRounds "11"]
[EventType "swiss"]
[EventDate "2013.05.18"]

1. e4 e5 2. Nf3 Nc6 3. Bc4 Bc5 4. O-O Nf6 5. d3 h6 6. Re1 Ng4 7. Rf1 Nf6 8. c3
d6 9. Bb3 b5 10. Re1 a5 11. Be3 Bxe3 12. fxe3 a4 13. Bc2 O-O 14. Nbd2 a3 15. b3
b4 16. c4 Ne7 17. d4 exd4 18. exd4 c5 19. e5 dxe5 20. dxe5 Ne8 21. Qe2 Nc7 22.
Rad1 Ne6 23. Qe4 Ng6 24. Qxa8 Nd4 25. Nf1 Nxf3+ 26. Qxf3 Qg5 27. Ng3 Bg4 28.
Ne4 Bxf3 29. Nxg5 Bxd1 30. Bxd1 hxg5 31. e6 fxe6 32. Rxe6 Rd8 33. Bc2 Nf4 34.
Re1 Rd2 35. Bb1 Ne2+ 36. Kf1 Nc3 37. Bg6 Nxa2 38. Re8# 1-0

[Event "DEM U10/U10w 2013"]
[Site "Oberhof GER"]
[Date "2013.05.22"]
[Round "7"]
[White "Truong, Lisa"]
[Black "Basovskiy, Jana"]
[Result "0-1"]
[Termination "normal"]
[Board "33"]
[WhiteElo "793"]
[BlackElo "1109"]
[PlyCount "118"]
[WhiteFideId "12983462"]
[BlackFideId "16208617"]
[EventCountry "GER"]
[EventRounds "11"]
[EventType "swiss"]
[EventDate "2013.05.18"]

1. e4 e5 2. Nf3 d6 3. d4 Nd7 4. Bc4 c6 5. O-O Be7 6. Ng5 Bxg5 7. Qh5 Qe7 8.
Qxg5 Ngf6 9. f3 exd4 10. Rd1 c5 11. c3 dxc3 12. Nxc3 Ne5 13. Bb3 c4 14. Bc2 Bd7
15. Qd2 O-O 16. Qxd6 Qxd6 17. Rxd6 Rad8 18. Rd1 Rfe8 19. Be3 a6 20. Rd2 h6 21.
Rad1 Rc8 22. a3 Rc6 23. Rd6 Rxd6 24. Rxd6 Rd8 25. Bxh6 gxh6 26. Rxf6 Bc6 27.
Rf5 Rd2 28. Rxe5 Rxc2 29. Nd1 Rc1 30. Kf2 Rxd1 31. Ke2 Rb1 32. b4 cxb3 33. Kd2
Ba4 34. Kc3 b5 35. Rd5 a5 36. Rd4 Ra1 37. Rd2 Rxa3 38. Rb2 b4+ 39. Kd2 Ra2 40.
Kc1 Ra1+ 41. Rb1 Rxb1+ 42. Kxb1 Bb5 43. Kb2 Bc4 44. g3 a4 45. e5 a3+ 46. Kc1
Kf8 47. f4 Bd3 48. h4 b2+ 49. Kd2 b1=Q 50. Ke3 a2 51. g4 a1=Q 52. h5 Qe1+ 53.
Kf3 Be2+ 54. Ke4 Bxg4+ 55. Kd5 Qad1+ 56. Kc4 Qe4+ 57. Kb5 Qb7+ 58. Kc4 Be6+ 59.
Kc5 Qdd5# 0-1

[Event "DEM U10/U10w 2013"]
[Site "Oberhof GER"]
[Date "2013.05.22"]
[Round "7"]
[White "Pahl, Erik"]
[Black "Gazizov, Max"]
[Result "1-0"]
[Termination "normal"]
[Board "34"]
[WhiteElo "880"]
[BlackElo "1042"]
[PlyCount "101"]
[WhiteFideId "16201272"]
[BlackFideId "12951323"]
[EventCountry "GER"]
[EventRounds "11"]
[EventType "swiss"]
[EventDate "2013.05.18"]

1. e4 c5 2. Nf3 d6 3. d4 cxd4 4. Nxd4 Nf6 5. Nc3 a6 6. Be2 e6 7. O-O Be7 8. Bg5
O-O 9. Qd2 b5 10. a3 Bb7 11. Bxf6 Bxf6 12. Rfe1 Qb6 13. Nf3 Bxc3 14. Qxc3 Bxe4
15. Rad1 d5 16. Ng5 Bf5 17. Bd3 Bxd3 18. Rxd3 h6 19. Nf3 Qc6 20. Qxc6 Nxc6 21.
Rc3 Rfc8 22. h3 Na5 23. Rxc8+ Rxc8 24. c3 Nc4 25. Rb1 Nd2 26. Nxd2 a5 27. g4 b4
28. cxb4 axb4 29. axb4 Rb8 30. f4 Rxb4 31. f5 exf5 32. gxf5 Rf4 33. b4 Rd4 34.
Nf3 Rc4 35. b5 Rc7 36. b6 Rb7 37. Ne1 Kf8 38. Nd3 Ke7 39. Nc5 Rb8 40. b7 Kd6
41. Na6 Rd8 42. b8=Q+ Rxb8 43. Rxb8 Ke5 44. Rf8 f6 45. Rg8 Ke4 46. Rxg7 Ke3 47.
Rf7 Ke2 48. Rxf6 d4 49. Nb4 d3 50. Nxd3 Kxd3 51. Rxh6 1-0

[Event "DEM U10/U10w 2013"]
[Site "Oberhof GER"]
[Date "2013.05.22"]
[Round "7"]
[White "Schilay, Maria"]
[Black "Khamenya, Vitalia"]
[Result "0-1"]
[Termination "normal"]
[Board "36"]
[WhiteElo "1048"]
[BlackElo "1210"]
[PlyCount "72"]
[WhiteFideId "12942979"]
[BlackFideId "12959260"]
[EventCountry "GER"]
[EventRounds "11"]
[EventType "swiss"]
[EventDate "2013.05.18"]

1. e4 e5 2. Nf3 Nc6 3. Bc4 Bc5 4. c3 d6 5. d3 Bg4 6. Bb3 a6 7. Nbd2 b5 8. O-O
b4 9. Bd5 Qd7 10. Qb3 Nf6 11. Re1 Na5 12. Qc2 Nxd5 13. exd5 bxc3 14. Qxc3 Nb7
15. d4 Bb6 16. dxe5 O-O 17. exd6 Nxd6 18. b4 a5 19. Bb2 f6 20. a3 Rfc8 21. Ng5
fxg5 22. Qg3 Rf8 23. Rf1 Be2 24. Qxg5 Bxf1 25. Rxf1 axb4 26. axb4 Rf7 27. Nf3
Qf5 28. Qg3 Ne4 29. Qh4 Qxd5 30. Be5 Nd2 31. Nxd2 Qxe5 32. Qc4 Kf8 33. Qc6 Ra1
34. Nc4 Rxf1+ 35. Kxf1 Rxf2+ 36. Kg1 Qa1# 0-1

[Event "DEM U10/U10w 2013"]
[Site "Oberhof GER"]
[Date "2013.05.22"]
[Round "7"]
[White "Guckes, Simon"]
[Black "Indilewitsch, Marie-Claire"]
[Result "1-0"]
[Termination "normal"]
[Board "37"]
[WhiteElo "1122"]
[BlackElo "963"]
[PlyCount "99"]
[WhiteFideId "12944955"]
[EventCountry "GER"]
[EventRounds "11"]
[EventType "swiss"]
[EventDate "2013.05.18"]

1. Nf3 Nf6 2. d3 g6 3. g3 Bg7 4. Bg2 O-O 5. O-O d6 6. Nbd2 Nc6 7. Re1 Be6 8. c3
Qd7 9. e4 d5 10. e5 Ng4 11. d4 Rfe8 12. h3 Nh6 13. Kh2 f6 14. exf6 Bxf6 15. Qe2
Qd6 16. Qxe6+ Qxe6 17. Rxe6 Kf7 18. Re1 Rad8 19. Nb3 b5 20. Bxh6 b4 21. Ng5+
Bxg5 22. Bxg5 bxc3 23. bxc3 Rd6 24. Bf4 Rf6 25. Bxd5+ Kf8 26. Bxc6 Rxc6 27.
Bh6+ Kf7 28. Re3 Rf6 29. f3 Rd8 30. c4 Rdd6 31. c5 Rd5 32. Re5 Rxe5 33. dxe5
Rxf3 34. g4 Ke6 35. Kg2 Re3 36. Bxe3 Kxe5 37. Bd4+ Kd5 38. Rd1 Kc6 39. Bg7 g5
40. Bf8 Kb5 41. Bxe7 Kb4 42. Rd7 Ka3 43. Rxc7 Kxa2 44. Na5 a6 45. Rb7 Ka3 46.
c6+ Ka4 47. c7 Kxa5 48. c8=Q h5 49. Qc5+ Ka4 50. Qb4# 1-0

[Event "DEM U10/U10w 2013"]
[Site "Oberhof GER"]
[Date "2013.05.22"]
[Round "7"]
[White "Wastian, Mareike"]
[Black "Svane, Freja"]
[Result "1-0"]
[Termination "normal"]
[Board "38"]
[WhiteElo "1096"]
[BlackElo "867"]
[PlyCount "153"]
[WhiteFideId "12947423"]
[BlackFideId "12940100"]
[EventCountry "GER"]
[EventRounds "11"]
[EventType "swiss"]
[EventDate "2013.05.18"]

1. e4 e6 2. Nf3 d5 3. Nc3 Bd7 4. exd5 exd5 5. Nxd5 Be6 6. Nc3 Bb4 7. d3 Nc6 8.
Bd2 Nf6 9. Be2 O-O 10. O-O Qd6 11. a3 Ba5 12. Qe1 Ng4 13. Ne4 Bxd2 14. Qxd2 Qd5
15. Rfe1 Qh5 16. Qg5 Qxg5 17. Nfxg5 Nd4 18. Rac1 Nxe2+ 19. Rxe2 Bf5 20. h3 Ne5
21. Ng3 Nxd3 22. cxd3 Bxd3 23. Rd2 Ba6 24. Rxc7 h6 25. Nf3 Rad8 26. Rxd8 Rxd8
27. b4 Rd1+ 28. Kh2 Ra1 29. Rc5 Rxa3 30. b5 b6 31. Re5 Bb7 32. Re8+ Kh7 33. Nd4
Ra2 34. Re2 Rxe2 35. Ngxe2 Kg6 36. Kg3 Kf6 37. Kf4 Bxg2 38. h4 Bb7 39. Nf5 a6
40. bxa6 Bxa6 41. Nc3 g5+ 42. hxg5+ hxg5+ 43. Ke4 Ke6 44. Nd5 b5 45. Nc7+ Kd7
46. Nxa6 Kc6 47. Nd4+ Kb6 48. Nxb5 Kxb5 49. Nc7+ Kc6 50. Nd5 Kd6 51. Ne3 Ke6
52. f3 f6 53. Nc4 f5+ 54. Ke3 g4 55. f4 Kd5 56. Ne5 Ke6 57. Kf2 Kf6 58. Kg3 Kg7
59. Nc4 Kh6 60. Kh4 Kg6 61. Ne3 Kf6 62. Kh5 Ke6 63. Kg6 g3 64. Ng2 Ke7 65. Kxf5
Kf7 66. Nh4 Kf8 67. Kf6 Kg8 68. Ke7 Kh7 69. f5 Kg7 70. f6+ Kg8 71. f7+ Kh7 72.
f8=Q g2 73. Nxg2 Kg6 74. Qf6+ Kh7 75. Qg5 Kh8 76. Kf7 Kh7 77. Qh5# 1-0

[Event "DEM U10/U10w 2013"]
[Site "Oberhof GER"]
[Date "2013.05.22"]
[Round "7"]
[White "Ziegenfuß, Antonia"]
[Black "Richter, Merlin"]
[Result "1-0"]
[Termination "normal"]
[Board "39"]
[WhiteElo "1064"]
[BlackElo "791"]
[PlyCount "65"]
[WhiteFideId "12962554"]
[EventCountry "GER"]
[EventRounds "11"]
[EventType "swiss"]
[EventDate "2013.05.18"]

1. e4 e5 2. Nc3 Nf6 3. Bc4 Bc5 4. d3 Nc6 5. f4 d6 6. Nf3 Ng4 7. Ng5 O-O 8. f5
Nf6 9. Na4 b6 10. Nxc5 bxc5 11. O-O h6 12. Nf3 d5 13. Bb3 Re8 14. Be3 dxe4 15.
dxe4 Nxe4 16. Bd5 Qf6 17. Bxe4 Rd8 18. Qe2 Qd6 19. Rad1 Qe7 20. Bxc6 Rb8 21. b3
Rxd1 22. Rxd1 Bxf5 23. Bf4 Qf6 24. Bxe5 Qxc6 25. Qf2 f6 26. Bf4 g5 27. Be3 g4
28. Qg3 Kh7 29. Nh4 Bxc2 30. Rc1 Qe4 31. Qxc7+ Kh8 32. Qxb8+ Kh7 33. Qf4 1-0

[Event "DEM U10/U10w 2013"]
[Site "Oberhof GER"]
[Date "2013.05.22"]
[Round "7"]
[White "Silber, Fabian"]
[Black "Müller, Marvin"]
[Result "1-0"]
[Termination "normal"]
[Board "40"]
[WhiteElo "1058"]
[BlackElo "774"]
[PlyCount "123"]
[WhiteFideId "12947288"]
[BlackFideId "16214528"]
[EventCountry "GER"]
[EventRounds "11"]
[EventType "swiss"]
[EventDate "2013.05.18"]

1. e4 e5 2. Nf3 Nf6 3. Nxe5 d6 4. Nf3 Nxe4 5. d4 d5 6. Bd3 Bd6 7. O-O O-O 8.
Re1 Bf5 9. Nc3 Nxc3 10. bxc3 Nd7 11. Bxf5 Nf6 12. Bg5 h6 13. Bh4 b6 14. h3 c5
15. Qd2 Rc8 16. Re2 Rc6 17. dxc5 Bxc5 18. Qd3 Be7 19. Ne5 Rd6 20. Bg4 Nxg4 21.
Bxe7 Qxe7 22. Nxg4 Qg5 23. Rae1 f5 24. Nh2 Rg6 25. g3 f4 26. Nf3 Qf5 27. Qxf5
Rxf5 28. Nh4 fxg3 29. Nxg6 gxf2+ 30. Rxf2 Rxf2 31. Kxf2 Kf7 32. Re5 Kxg6 33.
Rxd5 h5 34. Rd7 a5 35. Rb7 Kh6 36. Rxb6+ g6 37. Ra6 Kg5 38. Rxa5+ Kh4 39. c4
Kxh3 40. Kg1 Kg4 41. Rd5 h4 42. Rd3 h3 43. Rxh3 Kxh3 44. c5 Kg4 45. c6 Kf4 46.
c7 g5 47. c8=Q g4 48. Qf8+ Ke3 49. Kg2 Kd2 50. Kg3 Kxc2 51. Qd8 Kc3 52. Kxg4
Kc4 53. Kf5 Kc5 54. Ke5 Kc6 55. Qd6+ Kb5 56. Qc7 Kb4 57. a4 Kb3 58. a5 Kb4 59.
a6 Kb3 60. a7 Kb4 61. a8=Q Kb5 62. Qab8+ 1-0

[Event "DEM U10/U10w 2013"]
[Site "Oberhof GER"]
[Date "2013.05.22"]
[Round "7"]
[White "Brunkardt, Elena"]
[Black "Brunner, Sophia"]
[Result "1/2-1/2"]
[Termination "normal"]
[Board "41"]
[WhiteElo "1010"]
[BlackElo "1054"]
[PlyCount "112"]
[WhiteFideId "16208838"]
[BlackFideId "12960683"]
[EventCountry "GER"]
[EventRounds "11"]
[EventType "swiss"]
[EventDate "2013.05.18"]

1. e4 d5 2. exd5 Nf6 3. c4 c6 4. Nf3 Bg4 5. dxc6 Nxc6 6. Be2 Bxf3 7. Bxf3 e5 8.
Nc3 Bb4 9. Qa4 Bxc3 10. Bxc6+ bxc6 11. Qxc6+ Nd7 12. dxc3 Rc8 13. Qe4 Qc7 14.
b3 Qc6 15. Qg4 Qg6 16. Qxg6 fxg6 17. O-O Rf8 18. Ba3 Rf7 19. Rae1 Kd8 20. Re2
Rc6 21. Rd1 Kc7 22. g3 Rf3 23. Red2 Nb8 24. Bd6+ Kb7 25. Rd5 Rxc3 26. Rb5+ Rb6
27. Rxb6+ axb6 28. Bxe5 Rc2 29. Bxg7 Rxa2 30. f4 Kc6 31. h4 Ra3 32. g4 Rxb3 33.
f5 gxf5 34. gxf5 Rf3 35. f6 Nd7 36. Rf1 Rxf1+ 37. Kxf1 Ne5 38. Ke2 Kd6 39. Ke3
Ke6 40. Kf4 Nf7 41. h5 h6 42. Ke4 Nd6+ 43. Kd4 Nf5+ 44. Kc3 Nd6 45. Bxh6 Ne4+
46. Kb4 Nd6 47. Be3 Kxf6 48. Bxb6 Nxc4 49. Bd8+ Kg7 50. Bg5 Nd6 51. Kc5 Nf7 52.
Bc1 Nh8 53. Kd5 Kf6 54. h6 Nf7 55. Bb2+ Kg6 56. Bc1 Nxh6 1/2-1/2

[Event "DEM U10/U10w 2013"]
[Site "Oberhof GER"]
[Date "2013.05.22"]
[Round "7"]
[White "Schmidtmann, Kimberly"]
[Black "Straßburg, Robin"]
[Result "1/2-1/2"]
[Termination "normal"]
[Board "42"]
[WhiteElo "950"]
[BlackElo "911"]
[PlyCount "80"]
[WhiteFideId "12967106"]
[BlackFideId "16210018"]
[EventCountry "GER"]
[EventRounds "11"]
[EventType "swiss"]
[EventDate "2013.05.18"]

1. e4 e5 2. Nf3 Nc6 3. Bc4 Be7 4. Nc3 d6 5. d3 Bg4 6. h3 Bh5 7. g4 Bg6 8. h4 h6
9. Be3 Nf6 10. Qd2 Nxg4 11. h5 Bh7 12. Rg1 Nxe3 13. Bb5 Nxc2+ 14. Qxc2 Rg8 15.
O-O-O Qd7 16. Nd5 a6 17. Ba4 b5 18. Bb3 Rc8 19. a3 Na5 20. Ba2 Bd8 21. Kb1 c6
22. Rc1 f6 23. Nxf6+ gxf6 24. Bxg8 Bxg8 25. Rxg8+ Kf7 26. Rgg1 Qh3 27. Rg3 Qxh5
28. Rcg1 Ke6 29. Rg7 Qxf3 30. b4 Bb6 31. Rc1 h5 32. Qa2+ Nc4 33. dxc4 Qxe4+ 34.
Rc2 Qe1+ 35. Kb2 Bd4+ 36. Kb3 bxc4+ 37. Kxc4 Qf1+ 38. Kb3 Qd3+ 39. Ka4+ d5 40.
Rd2 Qb5+ 1/2-1/2

[Event "DEM U10/U10w 2013"]
[Site "Oberhof GER"]
[Date "2013.05.22"]
[Round "7"]
[White "Ewerhardy, Moritz"]
[Black "Klemke, Kassandra"]
[Result "1-0"]
[Termination "normal"]
[Board "43"]
[WhiteElo "1019"]
[BlackElo "1163"]
[PlyCount "123"]
[WhiteFideId "36052086"]
[BlackFideId "16217128"]
[EventCountry "GER"]
[EventRounds "11"]
[EventType "swiss"]
[EventDate "2013.05.18"]

1. e4 e6 2. d4 d5 3. e5 c5 4. c3 Nc6 5. Nf3 Qb6 6. Bd3 Bd7 7. O-O cxd4 8. cxd4
Nxd4 9. Nbd2 Bc5 10. b4 Qxb4 11. Rb1 Qa5 12. Rxb7 Qxa2 13. Ng5 h6 14. Qh5 g6
15. Bxg6 O-O-O 16. Nxf7 Kxb7 17. Nxd8+ Kc8 18. Nf7 Nf6 19. exf6 Rf8 20. Qxh6
Bb4 21. Ne5 Bb5 22. Re1 Rd8 23. h3 Qa4 24. Bb2 Bxd2 25. Qxd2 Nb3 26. Qc3+ Kb7
27. Bc2 Bc4 28. Ra1 Qb5 29. Nf7 Rd7 30. Ne5 Rc7 31. Bxb3 Bxb3 32. Qe3 a6 33.
Ba3 Rc8 34. f7 Bc4 35. f8=Q Rxf8 36. Bxf8 Be2 37. Qc1 Ka7 38. Qc7+ Ka8 39. Nc6
Qb7 40. Qxb7+ Kxb7 41. Nd8+ Kc8 42. Nxe6 Kd7 43. Nd4 Bc4 44. g4 Ke8 45. Bb4 Kf7
46. f4 Bd3 47. f5 Kg7 48. Re1 Kf7 49. Re7+ Kf6 50. h4 a5 51. Re6+ Kf7 52. Bxa5
Kg7 53. g5 Kf7 54. Rb6 Be4 55. h5 Kg7 56. Rb7+ Kg8 57. h6 Bxf5 58. Nxf5 d4 59.
Nxd4 Kh8 60. Nc6 Kg8 61. Bc3 Kf8 62. h7 1-0

[Event "DEM U10/U10w 2013"]
[Site "Oberhof GER"]
[Date "2013.05.22"]
[Round "7"]
[White "Gabriel, Benjamin"]
[Black "Hartmann, Katrin"]
[Result "0-1"]
[Termination "normal"]
[Board "44"]
[WhiteElo "920"]
[BlackElo "975"]
[PlyCount "60"]
[WhiteFideId "16226887"]
[BlackFideId "16200632"]
[EventCountry "GER"]
[EventRounds "11"]
[EventType "swiss"]
[EventDate "2013.05.18"]

1. d4 e6 2. c4 b6 3. e3 Bb7 4. Nf3 Nf6 5. Nc3 Be7 6. Bd3 O-O 7. O-O d5 8. b3
Nc6 9. Bb2 Bd6 10. cxd5 Nxd5 11. Nxd5 exd5 12. Qc2 Re8 13. Bxh7+ Kh8 14. Bd3
Re6 15. Qd2 Rh6 16. Rfc1 Bb4 17. Bc3 Ba3 18. Bb2 Bxb2 19. Qxb2 Qd6 20. Bb1 Re8
21. Qc2 Ree6 22. g3 Ref6 23. Nd2 Bc8 24. h4 Bh3 25. Nf1 Rfg6 26. Kh1 Qf6 27.
Kh2 Qf3 28. Kxh3 Qh1+ 29. Nh2 Rxh4+ 30. gxh4 Qg2# 0-1

[Event "DEM U10/U10w 2013"]
[Site "Oberhof GER"]
[Date "2013.05.22"]
[Round "7"]
[White "Jaenecke, Maike"]
[Black "Höfs, Cederik"]
[Result "1/2-1/2"]
[Termination "normal"]
[Board "45"]
[WhiteElo "968"]
[BlackElo "915"]
[PlyCount "68"]
[BlackFideId "16207653"]
[EventCountry "GER"]
[EventRounds "11"]
[EventType "swiss"]
[EventDate "2013.05.18"]

1. e4 e5 2. Nf3 Nc6 3. Bc4 Nf6 4. d3 Bc5 5. c3 O-O 6. O-O d6 7. Nbd2 Be6 8. Bb3
d5 9. Re1 dxe4 10. dxe4 Re8 11. Nf1 Re7 12. Qe2 Ng4 13. Be3 Nxe3 14. Nxe3 Qe8
15. Red1 Na5 16. Bc2 Rd8 17. Rxd8 Qxd8 18. Rd1 Qe8 19. Qd2 Rd7 20. Qe2 Bxa2 21.
Rxd7 Qxd7 22. Nxe5 Qe6 23. Nf3 h6 24. b4 Bxe3 25. Qxe3 Nc4 26. Qxa7 Nd6 27. Nd4
Qc4 28. Qa8+ Kh7 29. e5+ g6 30. exd6 Qxc3 31. h3 Qe1+ 32. Kh2 Qe5+ 33. g3 Qxd4
34. Qxa2 Qxf2+ 1/2-1/2